Quantitative laboratory experiments for general chemistry (Record no. 27882)
[ view plain ]
| 000 -LEADER | |
|---|---|
| fixed length control field | 00320nam a2200109Ia 4500 |
| 082 ## - DEWEY DECIMAL CLASSIFICATION NUMBER | |
| Classification number | 541.001.53 |
| Item number | COL;1 |
| 100 ## - MAIN ENTRY--AUTHOR NAME | |
| Personal name | Collier, Francis Nash |
| 245 #0 - TITLE STATEMENT | |
| Title | Quantitative laboratory experiments for general chemistry |
| 260 ## - PUBLICATION, DISTRIBUTION, ETC. (IMPRINT) | |
| Place of publication | Boston |
| Name of publisher | Houghton Mifflin |
| Year of publication | 1976 |
| 942 ## - ADDED ENTRY ELEMENTS (KOHA) | |
| Koha item type | Books |
| Withdrawn status | Lost status | Damaged status | Not for loan | Home library | Current library | Date acquired | Cost, normal purchase price | Full call number | Accession Number | Koha item type |
|---|---|---|---|---|---|---|---|---|---|---|
| RRII Library | RRII Library | 16/12/2021 | 7.25 | 541.001.53 COL;1 | 08497 | Books |